|
|
|
|
| LEADER |
00000nab a2200000 a 4500 |
| 001 |
vtls000808119 |
| 003 |
SK-MaSNL |
| 005 |
20260302150242.0 |
| 008 |
140328c2002 xo 0 slo |
| 015 |
|
|
|a SNBRB2002/09-28790
|
| 035 |
|
|
|a CLN000159774
|
| 040 |
|
|
|a SNKBUCL
|b slo
|c SNKBUCL
|e AACR2
|
| 041 |
0 |
|
|a slo
|
| 044 |
|
|
|a xo
|c SK
|
| 080 |
|
|
|a 502.4(437.6):05:014.3
|2 1997
|
| 080 |
|
|
|a 05(437.6):502.4
|2 1997
|
| 100 |
1 |
|
|a Stollmann, Andrej,
|d 1932-
|4 com
|9 8962
|
| 245 |
1 |
0 |
|a Chránené územia Slovenska
|b (odborno-metodický a informačný časopis štátnej ochrany prírody) : register ročníkov 1-50 (1982-2001)
|c Zostavili Andrej Stolmann, Michal Šúr
|
| 630 |
0 |
7 |
|a Chránené územia Slovenska (časopis)
|y 1982-2001
|x registre
|2 snkbucl
|9 839599
|
| 655 |
|
7 |
|a články z novín a časopisov
|2 snkbucl
|9 267496
|
| 700 |
1 |
|
|a Šúr, Michal
|4 com
|9 504506
|
| 773 |
0 |
|
|t Chránené územia Slovenska
|g Č. 51 (2002)
|x 1335-1737
|
| 773 |
0 |
|
|t [Príl.]
|g S. 2-15
|x 1335-1737
|
| 850 |
|
|
|a Slovenská národná knižnica v Martine
|
| 852 |
|
|
|a SNK
|b KIS3GCP
|
| 958 |
|
|
|a SK
|
| 992 |
|
|
|a RBX
|
| 999 |
|
|
|c 1356830
|d 1358760
|